=LDR 00000nam 2200000 4500 =001 INLIS000000000039508 =005 20200226065248 =035 ##$$a 0010-061300000039508 =008 200226################g##########0#ind## =041 ##$$a Ind =082 ##$$a 155.2 =090 ##$$a 155.2, Naw j =100 ##$$a Nawan =245 1#$$a Jomblo asyik gila ! : $b Rayakan harimu selagi sendiri /$c Nawan =260 ##$$a Jakarta :$b Gramedia Pustaka Utama,$c 2008 =300 ##$$a 134 Hlm : $b ilus ; $c 17 x 13,5 cm =850 ##$$a NBPNMAT =020 ##$$a 978-979-22-3658-3 =084 ##$$a 155.2 NAW j =650 #4$$a Kepribadian =990 ##$$a 21104576 =990 ##$$a 0001/BPAP-NTB/20142014 =990 ##$$a 0001/BPAP-NTB/20142014 =990 ##$$a 21104576